[Event "Hoogeveen op 25th"]
[Site "Hoogeveen"]
[Date "2022.10.19"]
[Round "6"]
[White "Abma, Klaas"]
[Black "Tabak, Wesley"]
[Result "1/2-1/2"]
[WhiteElo "1835"]
[BlackElo "1506"]
[PlyCount "156"]
[EventDate "2022.10.15"]
[EventType "swiss"]
[EventRounds "9"]
[EventCountry "NED"]
[SourceTitle "CBM 210 Extra"]
[Source "ChessBase"]
[SourceDate "2022.11.30"]
[SourceVersion "1"]
[SourceVersionDate "2022.11.30"]
[SourceQuality "1"]

1. d4 Nf6 2. Nf3 d5 3. g3 c6 4. Bg2 e6 5. 0-0 Be7 6. b3 0-0 7. c4 dxc4 8. bxc4 c5 9. e3 Nc6 10. Nc3 cxd4 11. exd4 Rb8 12. Bf4 Bd6 13. Bg5 Be7 14. Rc1 h6 15. Be3 b6 16. Qa4 Na5 17. Ne5 Bb7 18. Bxb7 Rxb7 19. Rfd1 Nd7 20. Nf3 Nf6 21. d5 exd5 22. cxd5 Rc7 23. Ne4 Nxe4 24. Qxe4 Rxc1 25. Bxc1 Nb7 26. Ne5 Nc5 27. Qg4 Qc8 28. Qxc8 Rxc8 29. Nc6 Bf6 30. Nxa7 Ra8 31. Nb5 Nd7 32. a3 Ra5 33. Nd6 Be5 34. Nc4 Rc5 35. Nxe5 Nxe5 36. Be3 Ra5 37. Bxb6 Rxa3 38. Kg2 Nd7 39. Be3 f6 40. h3 Ra5 41. Kf3 Kf7 42. Ke4 Ra4+ 43. Rd4 Rxd4+ 44. Bxd4 g6 45. Bc3 Ke8 46. Bd2 h5 47. h4 Kf7 48. Bc3 Ke7 49. Bb4+ Kf7 50. Kd4 Ke8 51. Kc4 Ne5+ 52. Kd4 Nd7 53. Ke4 Kf7 54. f3 Ne5 55. Bc3 Nd7 56. g4 hxg4 57. fxg4 Nc5+ 58. Kf4 Nd7 59. h5 gxh5 60. gxh5 Kg7 61. Kf5 Kh6 62. Bxf6 Kxh5 63. Ke6 Nc5+ 64. Kd6 Ne4+ 65. Ke5 Kg6 66. Bh4 Nc5 67. d6 Kf7 68. Kd5 Nd7 69. Bg5 Ke8 70. Kc6 Nb8+ 71. Kc7 Nd7 72. Be3 Ne5 73. Bd4 Nf7 74. d7+ Ke7 75. Bc5+ Ke6 76. Kc8 Kd5 77. Bf8 Kc6 78. d8N+ Nxd8 1/2-1/2

[Event "Groningen op-B 55th"]
[Site "Groningen"]
[Date "2017.12.27"]
[Round "6"]
[White "Abma, Klaas"]
[Black "Molanus, Lennart"]
[Result "1-0"]
[WhiteElo "1945"]
[BlackElo "1603"]
[PlyCount "31"]
[EventDate "2017.12.22"]
[EventType "swiss"]
[EventRounds "9"]
[EventCountry "NED"]
[SourceTitle "CBM 182 Extra"]
[Source "ChessBase"]
[SourceDate "2018.02.23"]
[SourceVersion "1"]
[SourceVersionDate "2018.02.23"]
[SourceQuality "1"]

1. d4 d5 2. Nf3 Nf6 3. Bf4 Bf5 4. e3 e6 5. Ne5 c5 6. g4 Qa5+ 7. Nd2 g5 8. Bxg5 Ne4 9. gxf5 Nxg5 10. fxe6 Nxe6 11. Qh5 Qc7 12. Bh3 Ng7 13. Qf3 Bd6 14. Qxd5 f6 15. Ndc4 fxe5 16. Nxd6+ 1-0

[Event "Hilversum op-A"]
[Site "Hilversum"]
[Date "2010.06.30"]
[Round "5"]
[White "Wieringa, Helmer"]
[Black "Abma, Klaas"]
[Result "1-0"]
[WhiteElo "2083"]
[BlackElo "1981"]
[PlyCount "59"]
[EventDate "2010.06.26"]
[EventType "swiss"]
[EventRounds "9"]
[EventCountry "NED"]
[SourceTitle "CBM 137 Extra"]
[Source "ChessBase"]
[SourceDate "2010.09.01"]
[SourceVersion "1"]
[SourceVersionDate "2010.09.01"]
[SourceQuality "1"]

1. e4 e6 2. d4 d5 3. Nc3 Nf6 4. e5 Nfd7 5. f4 c5 6. Nf3 Nc6 7. Be3 Qa5 8. Qd2 a6 9. dxc5 Nxc5 10. Be2 b5 11. 0-0 b4 12. Nd1 Ne4 13. Qe1 Bc5 14. Bd3 Bxe3+ 15. Nxe3 Nc5 16. Kh1 Qb6 17. f5 Nxd3 18. cxd3 Bd7 19. Rc1 Rc8 20. Nxd5 Qb5 21. Nf4 g5 22. Nh5 g4 23. Nf6+ Ke7 24. Nxg4 exf5 25. Qh4+ Kf8 26. Qh6+ Ke8 27. Nf6+ Kd8 28. Nxd7 Kxd7 29. Qd6+ Ke8 30. e6 1-0

[Event "Hilversum op-A"]
[Site "Hilversum"]
[Date "2010.06.29"]
[Round "4"]
[White "Abma, Klaas"]
[Black "Kampman, Tijmen"]
[Result "0-1"]
[WhiteElo "1981"]
[BlackElo "2058"]
[PlyCount "80"]
[EventDate "2010.06.26"]
[EventType "swiss"]
[EventRounds "9"]
[EventCountry "NED"]
[SourceTitle "CBM 137 Extra"]
[Source "ChessBase"]
[SourceDate "2010.09.01"]
[SourceVersion "1"]
[SourceVersionDate "2010.09.01"]
[SourceQuality "1"]

1. d4 e6 2. Nf3 Nf6 3. e3 b6 4. Bd3 Bb7 5. 0-0 d5 6. Ne5 c5 7. b3 Nc6 8. Bb2 Nxe5 9. dxe5 Nd7 10. f4 g6 11. Nd2 Bg7 12. Qg4 Qe7 13. e4 0-0 14. Rae1 c4 15. bxc4 dxe4 16. Nxe4 Bxe4 17. Rxe4 Rfd8 18. Qe2 Qb4 19. Bd4 Nc5 20. c3 Qa3 21. Re3 Nxd3 22. Rxd3 Rac8 23. Rh3 Qa4 24. g4 Qxc4 25. Qf2 h6 26. f5 g5 27. f6 Bf8 28. Rf3 Bc5 29. Bxc5 Rxc5 30. Rh3 Qxg4+ 31. Rg3 Qh4 32. Qg2 Qh5 33. Qb7 Rxe5 34. Qxa7 Re2 35. Rg2 Rxg2+ 36. Kxg2 Qe2+ 37. Rf2 Qe4+ 38. Kg1 Rd1+ 39. Rf1 Qg4+ 40. Kf2 Qf4+ 0-1

[Event "IECC KO-3038"]
[Site "IECC email"]
[Date "2004.04.16"]
[Round "?"]
[White "Washburn, David"]
[Black "Abma, Klaas"]
[Result "0-1"]
[WhiteElo "1616"]
[BlackElo "1800"]
[PlyCount "32"]
[EventDate "2004.??.??"]
[EventType "match (corr)"]
[EventRounds "2"]
[SourceTitle "Corr 2020"]
[Source "ChessBase"]
[SourceDate "2019.09.30"]
[SourceVersion "1"]
[SourceVersionDate "2019.09.30"]
[SourceQuality "1"]
[WhiteTeam "United States"]
[BlackTeam "Netherlands"]
[WhiteTeamCountry "USA"]
[BlackTeamCountry "NED"]

1. e4 e6 2. d4 d5 3. Nd2 Nf6 4. e5 Nfd7 5. Bd3 c5 6. c3 Nc6 7. Ne2 cxd4 8. cxd4 f6 9. Nf4 Nxd4 10. Qh5+ Ke7 11. Ng6+ hxg6 12. exf6+ Nxf6 13. Qxh8 Kf7 14. f4 Nh5 15. 0-0 Ne2+ 16. Kh1 Qh4 0-1